000 00752nam a2200229Ia 4500
003 OSt
005 20260127103813.0
008 210716s2014 xx 000 0 und d
020 _a9789383096015
040 _cAIMIT LIBRARY
041 _aeng
082 _a332.632
_21
_bRAOK
100 _aRao, K B.
_9252744
245 _aRisk management :
_bmechanisms managing foreign currency exposures in India /
_cBy K B Rao.
250 _a1
260 _aNew Delhi :
_bThomson Press India Ltd ,
_c2014.
300 _aviii,208p. ;
_bPB
_c24 cm
650 _aNature and scope of risk management
_9252745
650 _aRisk and uncertainty
_9252746
650 _aForeign currency management in the corporate world
_9252747
942 _2ddc
_cBK
_e1st
_k332.632 RAOK
999 _c210171
_d210171